00323nam a2200109Ia 4500008004100000082000800041100001900049245002500068942000600093952009900099999001500198240331s9999 xx 000 0 und d bRAJ aRajadurai, S.V 0aSolil nanaiyum kalam cL 001040708LaWERCLbWERCLcSSCd2024-03-31l0o 891.817 RAJp4997r2024-03-31w2024-03-31yL c4248d4248